000 00305nam a2200121Ia 4500
008 240731s9999 xx 000 0 und d
022 _a1743-1727
245 0 _aReformation & Renaissance Review
260 _bRoutledge
856 _uhttps://www.tandfonline.com/loi/yrrr20
942 _2ddc
942 _cTFEJ
999 _c79139
_d79139
945 _a1
_bMadushi Gamage
_c1
_dMadushi Gamage